<?xml version="1.0" encoding="UTF-8"?>
<collection xmlns="http://www.loc.gov/MARC21/slim">
 <record>
  <leader>01256pam a22002778a 4500</leader>
  <controlfield tag="001">00020997</controlfield>
  <controlfield tag="005">20171026081025.0</controlfield>
  <controlfield tag="008">110521s1978                  ||||||Viesd</controlfield>
  <datafield tag="041" ind1="0" ind2="#">
   <subfield code="a">Vie</subfield>
  </datafield>
  <datafield tag="082" ind1="1" ind2="#">
   <subfield code="b">GI103T</subfield>
   <subfield code="a">515</subfield>
  </datafield>
  <datafield tag="100" ind1="0" ind2="#">
   <subfield code="a">Hoàng Tụy</subfield>
  </datafield>
  <datafield tag="245" ind1="0" ind2="0">
   <subfield code="a">Giải tích hiện đại</subfield>
   <subfield code="b">Dùng cho các lớp toán Đại học tổng hợp và Đại học sư phạm</subfield>
   <subfield code="c">Hoàng Tụy</subfield>
   <subfield code="n">T.3</subfield>
  </datafield>
  <datafield tag="250" ind1="#" ind2="#">
   <subfield code="a">In lần 3</subfield>
   <subfield code="b">Chỉnh lý bổ sung</subfield>
  </datafield>
  <datafield tag="260" ind1="#" ind2="#">
   <subfield code="a">TP HCM</subfield>
   <subfield code="b">Giáo dục</subfield>
   <subfield code="c">1978</subfield>
  </datafield>
  <datafield tag="300" ind1="#" ind2="#">
   <subfield code="a">190 tr.</subfield>
   <subfield code="c">21 cm.</subfield>
  </datafield>
  <datafield tag="500" ind1="#" ind2="#">
   <subfield code="a">Bộ giáo dục - Cục đào tạo bồi dưỡng</subfield>
  </datafield>
  <datafield tag="650" ind1="#" ind2="7">
   <subfield code="2">Giáo trình</subfield>
   <subfield code="a">Tập hợp</subfield>
  </datafield>
  <datafield tag="653" ind1="#" ind2="#">
   <subfield code="a">Giáo trình</subfield>
  </datafield>
  <datafield tag="653" ind1="#" ind2="#">
   <subfield code="a">Tích phân</subfield>
  </datafield>
  <datafield tag="852" ind1="#" ind2="#">
   <subfield code="b">Kho giáo trình</subfield>
   <subfield code="j">KGT.0003738, KGT.0003739, KGT.0003740, KGT.0003741, KGT.0003742, KGT.0003743, KGT.0003744, KGT.0003745, KGT.0003746, KGT.0003747</subfield>
  </datafield>
  <datafield tag="852" ind1="#" ind2="#">
   <subfield code="b">Kho mượn</subfield>
   <subfield code="j">KGT.0003738</subfield>
  </datafield>
  <datafield tag="852" ind1="#" ind2="#">
   <subfield code="b">Kho đọc</subfield>
   <subfield code="j">KD.0006713</subfield>
  </datafield>
  <datafield tag="852" ind1="#" ind2="#">
   <subfield code="j">KGT.0003738</subfield>
   <subfield code="j">KGT.0003740</subfield>
   <subfield code="j">KGT.0003741</subfield>
   <subfield code="j">KGT.0003743</subfield>
   <subfield code="j">KGT.0003744</subfield>
   <subfield code="j">KGT.0003746</subfield>
   <subfield code="j">KGT.0003747</subfield>
   <subfield code="j">KD.0006713</subfield>
   <subfield code="j">KGT.0003739</subfield>
   <subfield code="j">KGT.0003742</subfield>
   <subfield code="j">KGT.0003745</subfield>
   <subfield code="j">KGT.0058521</subfield>
  </datafield>
  <datafield tag="910" ind1="#" ind2="#">
   <subfield code="a">Hoa Lê</subfield>
   <subfield code="d">21/05/2011</subfield>
  </datafield>
  <datafield tag="980" ind1="#" ind2="#">
   <subfield code="a">Trung tâm Học liệu Lê Vũ Hùng, Trường Đại học Đồng Tháp</subfield>
  </datafield>
 </record>
</collection>
